Balance Preliminar de las economía de América Latina y El Caribe /
Na minha lista:
| Autor Corporativo: | |
|---|---|
| Formato: | Livro |
| Idioma: | Spanish |
| Publicado em: |
Nueva York,
CEPAL
|
| Assuntos: | |
| Tags: |
Adicionar Tag
Sem tags, seja o primeiro a adicionar uma tag!
|
MARC
| LEADER | 00000nam a22000007a 4500 | ||
|---|---|---|---|
| 003 | cru CIDCACS/IIS | ||
| 005 | 20231113113154.0 | ||
| 008 | 231113b |||||||| |||| 00| 0 spa d | ||
| 022 | |a 1014-7810 | ||
| 040 | |c cru CIDCACS/IIS | ||
| 090 | |a REV1531 | ||
| 110 | 1 | |a Comisión Económica para América Latina y el Caribe (CEPAL) |9 637 | |
| 245 | 1 | |a Balance Preliminar de las economía de América Latina y El Caribe / |c Comisión Económica para América Latina y el Caribe | |
| 260 | |a Nueva York, |b CEPAL | ||
| 500 | |a EXISTENCIAS : 1997 (dic.) 1998 (dic.) 1999 (dic.) 2000 (dic.) 2002 (dic.) 2004 (dic.) 2005 (dic.) 2006 (dic.) | ||
| 650 | 0 | |a INVERSIONES |9 931 | |
| 650 | 0 | |a EXPORTACIONES |9 95 | |
| 650 | 4 | |a IMPORTACIONES |9 1843 | |
| 650 | 0 | |a CEPAL |9 607 | |
| 651 | 0 | |a AMERICA LATINA |9 17 | |
| 942 | |2 ddc |c PP | ||
| 999 | |c 45330 |d 45330 | ||
